00831nam a22001937a 4500003000900000008004100009040007100050082003100121100002100152245005400173260004500227300002700272440001600299505022900315650001600544650001800560650001200578710004700590AR-CdUCM190329b ||||| |||| 00| 0 spa d aMUNICIPALIDAD PROVINCIAL DEL CUSCOcBIBLIOTECA MUNICIPAL DEL CUSCO 24 ed.a373.4 /bG26 / 1934 aGarcía, Eladio aPreparación y ejecución del trabajo escolar / aMadrid :bRevista de pedagogía,c1934. a46 páginas ;c18 cm. aEscolarnIV aContenido : Principios que deben tenerse en cuenta para una buena preparación de las lecciones escolares -- Preparación de lecciones -- Ejecución del trabajo escolar -- Defectos de que debe huirse en toda lección ... aPedagogía aPreparación aEscolar aPublicaciones de la revista de pedagogía